000 01628cam a2200169 4500500
005 20260111094216.0
041 _afre
042 _adc
100 1 0 _aPoncet, Fabrice
_eauthor
245 0 0 _aReynald Abad, Le Grand marché. L’approvisionnement alimentaire de Paris sous l’Ancien Régime, Paris, Fayard, 2002, 1031 p., 45 €.
260 _c2002.
500 _a45
520 _aRésumé Du xvi e au xviii e siècle, la petite communauté rurale du Gavre, au nord de Nantes, tente de conserver les modestes privilèges conférés par les ducs de Bretagne au xiii e siècle. Disposant de titres émanant directement des souverains et d’archives nombreuses, elle le fait presque uniquement par la voie légale et judiciaire, s’engageant dans de nombreuses et longues procédures. Elle ne peut pourtant pas empêcher leur réduction progressive, particulièrement sensible au xviii e siècle.
520 _aFrom the 16th to the 18th centuries, the small rural community of Gavre, north of Nantes, tried to retain a few privilegies which it had been granted by the Dukes of Brittany in the 13th century. Because the titles it held came directly from the sovereign power, and were buttressed by extensive archival records, it chose to do so almost entirely through litigation. However, it could not prevent the gradual curtailing of these privileges, a process which accelerated in the 18th century
786 0 _nHistoire & Sociétés Rurales | 18 | 2 | 2002-10-01 | p. 191n-242n | 1254-728X
856 4 1 _uhttps://shs.cairn.info/revue-histoire-et-societes-rurales-2002-2-page-191n?lang=fr&redirect-ssocas=7080
999 _c1628330
_d1628330